Sports Quiz

Random Sports or Play Quiz

Premier League Footballers Quiz Stats

 Plays Quiz not verified by Sporcle

Support Sporcle.
Go Orange.
Score 0/20 Timer 05:00
0 Plays Today
% Correct
Mesut
96.8%
Yaya
96.3%
Riyad
95.3%
Memphis
95.3%
Peter
94.7%
Gary
93.7%
Ross
93.2%
Erik
93.2%
Jermaine
92.6%
Lucas
89.5%
% Correct
Micah
88.4%
Andre
88.4%
Dusan
86.3%
Chris
85.8%
Harry
84.7%
Odion
84.7%
Daryl
82.6%
Nathan
82.6%
Diafra
82.6%
Scott
81.6%

You're not logged in!

Compare scores with friends on all Sporcle quizzes.
OR
Log In

From the Vault

Half Minute Multiplication Blitz

by RobPro

This quiz is exactly what happens every time we try to split up a check.
Remove Ads.
Support Sporcle.
Get the best of Sporcle when you Go Orange. This ad-free experience offers more features, more stats, and more fun while also helping to support Sporcle. Thank you for becoming a member.

Show Comments

Extras

Top Quizzes Today


Score Distribution

Your Account Isn't Verified!

In order to create a playlist on Sporcle, you need to verify the email address you used during registration. Go to your Sporcle Settings to finish the process.

Report this User

Report this user for behavior that violates our Community Guidelines.

Details: